Taylor Swift - I Can See You Lyrics - Statistics

General Stats
  • This quiz has been taken 26 times
  • The average score is 333 of 416
Answer Stats
Answer % Correct
a
100%
and
100%
can
100%
do
100%
(I
100%
I
100%
I)
100%
i
100%
in
100%
me
100%
see
100%
the
100%
you
100%
hall
94%
it
94%
to
94%
don't
88%
down
88%
then
88%
we
88%
what
88%
but
81%
if
81%
think
81%
brush
75%
hallway
75%
it's
75%
knew
75%
my
75%
now
75%
oh
75%
on
75%
so
75%
that
75%
touch
75%
up
75%
would
75%
your
75%
ever
69%
for
69%
only
69%
past
69%
they
69%
us
69%
wait
69%
wall
69%
with
69%
against
63%
as
63%
know
63%
like
63%
out
63%
went
63%
baby
56%
from
56%
keep
56%
kiss
56%
made
56%
necktie
56%
never
56%
suit
56%
tell
56%
waitin'
56%
waitin
56%
addiction
50%
been
50%
being
50%
believe
50%
cause
50%
changed
50%
everything
50%
found
50%
half
50%
kept
50%
mission
50%
not
50%
pass
50%
professional
50%
secret
50%
something
50%
sound
50%
things
50%
trying
50%
won't
50%
wont
50%
ya
50%
yeah
50%
ages
44%
eyes
44%
feel
44%
haven't
44%
head
44%
inside
44%
i've
44%
make
44%
"meet
44%
note
44%
quiet
44%
saying
44%
something's
44%
spend
44%
time
44%
tonight"
44%
want
44%
watching
44%
best
38%
could
38%
floor
38%
happened
38%
jacket
38%
more
38%
myself
38%
watchful
38%
yet
38%
away
31%
behaving
31%
even
31%
fast
31%
hide
31%
move
31%
start
31%
throw
31%
til
31%
will
31%
No matching quizzes found
Score Distribution
Percent of People with Each Score
Percentile by Number Answered
Your Score History
You have not taken this quiz